Atlas. (Registro nro. 274)

Detalles MARC
000 -LEADER
fixed length control field 01448 am a2200373 a 4500
005 - FECHA ULTIMA MODIFICACION
control field 20240527105039.0
008 - CAMPO DE CONTROL (LIBRO)
fixed length control field 100428s2005||||ag a f |||| 000 0 spa d
020 ## - INTERNATIONAL STANDARD BOOK NUMBER
ISBN 9509858986
041 ## - CODIGO DE IDIOMA
Código de idioma del texto/pista de sonido o título separado spa
092 ## - SIGNATURA TOPOGRAFICA DEWEY LOCAL
número de clasificación 616.97
libristica 47
sección LEP
100 1# - ENTRADA PRINCIPAL--NOMBRE PERSONAL
Nombre personal Lépori, Luis Raúl.
9 (RLIN) 472
245 ## - TITULO PROPIAMENTE DICHO
Título Atlas.
Subtítulo y Título paralelo Asma bonquial y otros cuadros alérgicos /
Mención de responsabilidad y remanente de la transcripción de la portada Luis Raúl Lépori.
250 ## - MENCION DE EDICION
Mención de edición 1a ed.
260 ## - PIE DE IMPRENTA
Lugar de publicación, distribución, etc Buenos Aires:
Nombre de la editorial, distribuidor, etc ECSA;
Fecha de publicación 2004.
300 ## - DESCRIPCION FISICA
Extension 34 p.
Otros detalles físicos il.
Dimensiones 23x16 cm.
500 ## - NOTA GENERAL
Nota general Lépori, L. R. (2004). Atlas. Asma bronquial y otros cuadros alérgicos. (1a ed.). Buenos Aires : ECSA.
653 ## - TÉRMINO INDIZADO - PALABRAS CLAVES
Palabra clave Asma bronquial
653 ## - TÉRMINO INDIZADO - PALABRAS CLAVES
Palabra clave Mecanismos de hiperreactividad bronquial
653 ## - TÉRMINO INDIZADO - PALABRAS CLAVES
Palabra clave Inflamación bronquial en el asma
653 ## - TÉRMINO INDIZADO - PALABRAS CLAVES
Palabra clave Células y efectores moleculares de la inflamación bronquial en el asma
653 ## - TÉRMINO INDIZADO - PALABRAS CLAVES
Palabra clave Broncoconstricción en el asma
653 ## - TÉRMINO INDIZADO - PALABRAS CLAVES
Palabra clave Hipersecreción bronquial en el asma
653 ## - TÉRMINO INDIZADO - PALABRAS CLAVES
Palabra clave Factores desencadenantes de las crisis asmáticas
653 ## - TÉRMINO INDIZADO - PALABRAS CLAVES
Palabra clave Repercusión del asma moderada y severa sobre la función pulmonar
653 ## - TÉRMINO INDIZADO - PALABRAS CLAVES
Palabra clave Conjuntivitis alérgica
653 ## - TÉRMINO INDIZADO - PALABRAS CLAVES
Palabra clave Queratoconjuntivitis vernal y conjuntivitis papilar gigante
653 ## - TÉRMINO INDIZADO - PALABRAS CLAVES
Palabra clave Alergia alimentaria
653 ## - TÉRMINO INDIZADO - PALABRAS CLAVES
Palabra clave Mecanismos involucrados en la alergia a los alimentos
653 ## - TÉRMINO INDIZADO - PALABRAS CLAVES
Palabra clave Manifestaciones clínicas en la alergia alimentaria
653 ## - TÉRMINO INDIZADO - PALABRAS CLAVES
Palabra clave Alergia medicamentosa
653 ## - TÉRMINO INDIZADO - PALABRAS CLAVES
Palabra clave Anafilaxia
930 ## - NUMERO DE INVENTARIO
Número de inventario 2110
942 ## - ADDED ENTRY ELEMENTS (KOHA)
Source of classification or shelving scheme Dewey Decimal Classification
Item type Libros
Existencias
Estado de retiro Existencia Estado general No para prestamo Ubicación permanente ubicación actual Sala de ubicación Fecha de adquisición Total Checkouts Número de clasificación Código de barras Date last seen Número de ejemplar Price effective from Koha tipo de elemento (item)
        Biblioteca Medicina Biblioteca Medicina Circulación 13/05/2011   616.97 47 LEP 2110 06/11/2014 ej.1 13/05/2011 Libros

UNIVERSIDAD NACIONAL DEL COMAHUE
Biblioteca de la Facultad de Ciencias Médicas
Sede Toschi: Los Arrayanes y Av. Toschi, Cipolletti  - Rio Negro
Sede Los Tordos:  Yrigoyen al 2211, Cipolletti - Rio Negro 

Teléfono: 0299 - 4774707 int 25
Contacto: biblioteca@facimed.uncoma.edu.ar
© 2011 - 2026